Economy and society : an outline of interpretive sociology
Αποθηκεύτηκε σε:
| Κύριος συγγραφέας: | |
|---|---|
| Άλλοι συγγραφείς: | , |
| Μορφή: | Βιβλίο |
| Γλώσσα: | English German |
| Δημοσίευση: |
Berkeley; Los Angeles; London :
University of California Press,
c1978.
|
| Θέματα: | |
| Ετικέτες: |
Προσθήκη ετικέτας
Δεν υπάρχουν, Καταχωρήστε ετικέτα πρώτοι!
|
MARC
| LEADER | 00000cam a2200000 i 4500 | ||
|---|---|---|---|
| 001 | 1/15613 | ||
| 008 | 980706s1978 us | ||| |||| ||eng|| | ||
| 020 | |a 0520035003 | ||
| 035 | |l 10019891 | ||
| 040 | |a GR-MyUA |b gre |e AACR2 | ||
| 041 | 1 | |a eng |h ger | |
| 082 | 0 | |a 300.1 | |
| 100 | 1 | |a Weber, Max, |d 1864-1920. | |
| 245 | 1 | 0 | |a Economy and society : |b an outline of interpretive sociology / |c Max Weber ; edited by Guenthel Roth and Claus Wittich. |
| 260 | |a Berkeley; Los Angeles; London : |b University of California Press, |c c1978. | ||
| 300 | |a 2 v. (cx, 1469, lxiv). | ||
| 500 | |a Τίτλος πρωτοτύπου: Wirtschaft und Gesellschaft. Grundriss der verstehenden Soziologie. | ||
| 504 | |a Περιέχει ευρετήρια. | ||
| 650 | 0 | 0 | |a Sociology. |
| 650 | 0 | 0 | |a Economics. |
| 700 | 1 | |a Roth, Guenther, |d 1931-2019, |e edt | |
| 700 | 1 | |a Wittich, Claus, |e edt | |
| 852 | |a INST |b LESVOS |e 19980706 |h 300.1 WEB |p 005100013992 |q 005100013992 |t BK |y 0 |z v.2. | ||
| 852 | |a INST |b LESVOS |e 19980706 |h 300.1 WEB |p 005100013993 |q 005100013993 |t BK |y 0 |z v.1. | ||
| 852 | |a INST |b LESVOS |e 19980706 |h 300.1 WEB |p 005100013992 |q 005100013992 |t BK |v v.2.: |y 0 |z v.2. | ||
| 852 | |a INST |b LESVOS |e 19980706 |h 300.1 WEB |p 005100013993 |q 005100013993 |t BK |v v.1.: |y 0 |z v.1. | ||
| 853 | |a INST |b LESVOS |h 300.1 WEB | ||
| 901 | |a BIBL-1998-2 | ||
| 909 | |a Λ |b 040158 | ||
| 909 | |a Λ |b 040157 | ||
| 922 | |a 1ΔΩΡ |b 199504 |c ΤΚΑ | ||